12,000 religious quotations / (Record no. 48820)
[ view plain ]
| 000 -LEADER | |
|---|---|
| fixed length control field | 01171cam a2200349Ia 4500 |
| 001 - CONTROL NUMBER | |
| control field | 21204098 |
| 003 - CONTROL NUMBER IDENTIFIER | |
| control field | OCoLC |
| 005 - DATE AND TIME OF LATEST TRANSACTION | |
| control field | 20191111095559.0 |
| 008 - FIXED-LENGTH DATA ELEMENTS--GENERAL INFORMATION | |
| fixed length control field | 900312r19651989mium a 1 0 eng d |
| 020 ## - INTERNATIONAL STANDARD BOOK NUMBER | |
| International Standard Book Number | 0801062535 |
| 020 ## - INTERNATIONAL STANDARD BOOK NUMBER | |
| International Standard Book Number | 9780801062537 |
| 020 ## - INTERNATIONAL STANDARD BOOK NUMBER | |
| International Standard Book Number | 0801058376 |
| 020 ## - INTERNATIONAL STANDARD BOOK NUMBER | |
| International Standard Book Number | 9780801058370 |
| 035 ## - SYSTEM CONTROL NUMBER | |
| System control number | (OCoLC)21204098 |
| Canceled/invalid control number | (OCoLC)698449587 |
| 035 ## - SYSTEM CONTROL NUMBER | |
| System control number | .b22215360MOBNW |
| 040 ## - CATALOGING SOURCE | |
| Original cataloging agency | TNE |
| Language of cataloging | eng |
| Transcribing agency | TNE |
| Modifying agency | WEA |
| -- | OCLCG |
| -- | FN4 |
| -- | OCLCQ |
| -- | OCLCA |
| -- | OCLCF |
| -- | OCLCQ |
| -- | IGR |
| -- | UtOrBLW |
| 049 ## - LOCAL HOLDINGS (OCLC) | |
| Holding library | BICA |
| 245 00 - TITLE STATEMENT | |
| Title | 12,000 religious quotations / |
| Statement of responsibility, etc | edited and compiled by Frank S. Mead. |
| 246 3# - VARYING FORM OF TITLE | |
| Title proper/short title | Encyclopedia of religious quotations. |
| 246 3# - VARYING FORM OF TITLE | |
| Title proper/short title | Twelve thousand religious quotations. |
| 260 ## - PUBLICATION, DISTRIBUTION, ETC. (IMPRINT) | |
| Place of publication, distribution, etc | Grand Rapids, Mich. : |
| Name of publisher, distributor, etc | Baker Book House, |
| Date of publication, distribution, etc | c1989, c1965. |
| 300 ## - PHYSICAL DESCRIPTION | |
| Extent | 534 pages ; |
| Dimensions | 26 cm. |
| 336 ## - CONTENT TYPE | |
| Content Type Term | text |
| Content Type Code | txt |
| Source | rdacontent. |
| 337 ## - MEDIA TYPE | |
| Media Type Term | unmediated |
| Media Type Code | n |
| Source | rdamedia. |
| 338 ## - CARRIER TYPE | |
| Carrier Type Term | volume |
| Carrier Type Code | nc |
| Source | rdacarrier. |
| 500 ## - GENERAL NOTE | |
| General note | Originally published as: The Encyclopedia of religious quotations. |
| 500 ## - GENERAL NOTE | |
| General note | Includes indexes. |
| 650 #0 - SUBJECT ADDED ENTRY--TOPICAL TERM | |
| Topical term or geographic name as entry element | Quotations. |
| 650 #0 - SUBJECT ADDED ENTRY--TOPICAL TERM | |
| Topical term or geographic name as entry element | Religious literature. |
| 700 1# - ADDED ENTRY--PERSONAL NAME | |
| Personal name | Mead, Frank S. |
| Fuller form of name | (Frank Spencer), |
| Dates associated with a name | 1898-1982. |
| 942 ## - ADDED ENTRY ELEMENTS (KOHA) | |
| Source of classification or shelving scheme | Library of Congress Classification |
| Item type | Books |
| Withdrawn status | Lost status | Source of classification or shelving scheme | Damaged status | Not for loan | Home library | Current library | Shelving location | Date acquired | Inventory number | Total Checkouts | Full call number | Barcode | Date last seen | Price effective from | Koha item type |
|---|---|---|---|---|---|---|---|---|---|---|---|---|---|---|---|
| Library of Congress Classification | BSOP Library | BSOP Library | GC | 11/11/2019 | 12808 | PN6084.R3 T91 | 00021583 | 11/11/2019 | 11/11/2019 | Books |
